Assistive technologies : (Record no. 170781)

MARC details
000 -LEADER
fixed length control field 01150cam a2200325 i 4500
001 - CONTROL NUMBER
control field 1135599159
003 - CONTROL NUMBER IDENTIFIER
control field OCoLC
005 - DATE AND TIME OF LATEST TRANSACTION
control field 20240214160651.0
008 - FIXED-LENGTH DATA ELEMENTS--GENERAL INFORMATION
fixed length control field 191122t20202020moua b 001 0 eng
020 ## - INTERNATIONAL STANDARD BOOK NUMBER
International Standard Book Number 0323523382
020 ## - INTERNATIONAL STANDARD BOOK NUMBER
International Standard Book Number 9780323523387
040 ## - CATALOGING SOURCE
Original cataloging agency NUST
Language of cataloging eng
Description conventions rda
Transcribing agency NUST
Modifying agency NUST
050 #4 - LIBRARY OF CONGRESS CALL NUMBER
Classification number RM698 COO
100 1# - MAIN ENTRY--PERSONAL NAME
Personal name Cook, Albert M.,
Dates associated with a name 1943-
Relator term Author
245 10 - TITLE STATEMENT
Title Assistive technologies :
Remainder of title principles & practice /
Statement of responsibility, etc. Albert M. Cook, Janice M. Polgar, Pedro Encarnação.
250 ## - EDITION STATEMENT
Edition statement Fifth edition
260 ## - PUBLICATION, DISTRIBUTION, ETC.
Place of publication, distribution, etc. St Louis :
Name of publisher, distributor, etc. Elsevier,
Date of publication, distribution, etc. ©2020.
300 ## - PHYSICAL DESCRIPTION
Extent x, 465 pages :
Other physical details illustrations ;
Dimensions 29 cm.
336 ## - CONTENT TYPE
Content type term text
Source rdacontent
Content type code txt
337 ## - MEDIA TYPE
Media type term unmediated
Source rdamedia
Media type code n
338 ## - CARRIER TYPE
Carrier type term volume
Source rdacarrier
Carrier type code nc
504 ## - BIBLIOGRAPHY, ETC. NOTE
Bibliography, etc. note Includes bibliographical references and index.
650 #0 - SUBJECT ADDED ENTRY--TOPICAL TERM
Topical term or geographic name entry element Self-help devices for people with disabilities
650 #0 - SUBJECT ADDED ENTRY--TOPICAL TERM
Topical term or geographic name entry element People with disabilities
General subdivision Rehabilitation
650 12 - SUBJECT ADDED ENTRY--TOPICAL TERM
Topical term or geographic name entry element Self-Help Devices
650 22 - SUBJECT ADDED ENTRY--TOPICAL TERM
Topical term or geographic name entry element Disabled Persons
General subdivision rehabilitation
700 1# - ADDED ENTRY--PERSONAL NAME
Personal name Polgar, Jan Miller,
Relator term Author
700 1# - ADDED ENTRY--PERSONAL NAME
Personal name Encarnação, Pedro,
Relator term Author
942 ## - ADDED ENTRY ELEMENTS (KOHA)
Source of classification or shelving scheme Library of Congress Classification
Koha item type Ordinary Loan Books
Edition Fifth edition
Classification part RM698
Call number prefix RM
Call number suffix COO
Suppress in OPAC No
Holdings
Withdrawn status Lost status Source of classification or shelving scheme Damaged status Not for loan Collection Home library Current library Shelving location Date acquired Source of acquisition Cost, normal purchase price Total Checkouts Full call number Barcode Date last seen Accession number Cost, replacement price Price effective from Koha item type Public note
    LCC     NFIC MAIN MAIN GEN 01/31/2023 Book Aid International 85.00   RM698 COO 92004052549 02/08/2024 59839 85.00 01/31/2023 BOOKS Donation
    LCC     NFIC MAIN MAIN GEN 02/19/2025 Book Aid International 74.82   RM698 COO 92004056802 02/19/2025 62378 74.82 02/19/2025 BOOKS Donation